Energética psíquica y esencia del sueño /
Guardado en:
| Autor Principal: | |
|---|---|
| Formato: | Libro |
| Publicado: |
Buenos Aires :
Paid¢s,
1960
|
| Edición: | 2a. ed. |
| Materias: | |
| Etiquetas: |
Agregar Etiqueta
Sin Etiquetas, Sea el primero en etiquetar este registro!
|
| LEADER | 00515nam a22001935a 4500 | ||
|---|---|---|---|
| 001 | CEM.cems007276 | ||
| 005 | 20060214000000.0 | ||
| 008 | 130507s1960##################000#0#####d | ||
| 003 | CEMS | ||
| 082 | 0 | 4 | |a 135 |
| 100 | 1 | |a Jung, C. G. | |
| 245 | 1 | 0 | |a Energética psíquica y esencia del sueño / |
| 250 | |a 2a. ed. | ||
| 260 | |a Buenos Aires : |b Paid¢s, |c 1960 | ||
| 300 | |a 238 p. | ||
| 653 | |a Psicología | ||
| 653 | |a Sueños | ||
| 653 | |a Sueño-psicología | ||
| 859 | |a CEMS |b BIB. CEMS - 11 de abril |h 135 |i J954a2 |p 280.73 |t Ej.1 | ||
